| 000 | 01014nac a22002891i 4500 | ||
|---|---|---|---|
| 003 | EG-ScBUE | ||
| 005 | 20241008112925.0 | ||
| 008 | 241008t2002 nyu f 001 0 eng d | ||
| 020 | _a0071375678 | ||
| 040 |
_aEG-ScBUE _beng _erda _cEG-ScBUE _dEG-ScBUE |
||
| 082 | 0 | 4 |
_a515 _bWRE _222 |
| 100 | 1 |
_aWrede, Robert C., _eauthor. |
|
| 245 | 1 | 0 |
_aSchaum's outline of theory and problems of advanced calculus / _cRobert Wrede, Ph.D., Murray R. Spiegel, former professor and chairman of mathematics, Rensselaer Polytechnic Institute, Hartford Graduate Center. |
| 250 | _aSecond edition. | ||
| 264 | 1 |
_aNew York : _bMcGraw-Hill, _c[2002] |
|
| 264 | 4 | _cc2002 | |
| 300 |
_aviii, 433 pages ; _c24 cm. |
||
| 336 |
_2rdacontent _atext _btxt |
||
| 337 |
_aunmediated _2rdamedia _bn |
||
| 338 |
_avolume _bnc _2rdacarrier |
||
| 490 | 0 | _aSchaum's Outline series | |
| 500 | _aIncludes index. | ||
| 650 | 7 |
_aCalculus. _2BUEsh |
|
| 655 | _vReading book | ||
| 700 |
_aSpiegel, Murray R., _eauthor. |
||
| 942 |
_cBB _2ddc |
||
| 999 |
_c200 _d200 |
||